Gracias de la gracia, saladas agudezas de los santos (Record no. 8497)
[ view plain ]
| 000 -CABECERA | |
|---|---|
| campo de control de longitud fija | 01148nam a2200265 a 4500 |
| 001 - NÚMERO DE CONTROL | |
| campo de control | BRCA_8846 |
| 003 - IDENTIFICADOR DEL NÚMERO DE CONTROL | |
| campo de control | FranzMayer |
| 005 - FECHA Y HORA DE LA ÚLTIMA TRANSACCIÓN | |
| campo de control | 20230811143005.0 |
| 008 - DATOS DE LONGITUD FIJA--INFORMACIÓN GENERAL | |
| campo de control de longitud fija | 120517s1777----sp-#######---#000-0#spa-# |
| 040 ## - FUENTE DE LA CATALOGACIÓN | |
| Centro/agencia transcriptor | MFM |
| 041 ## - CÓDIGO DE LENGUA | |
| Código de lengua del texto/banda sonora o título independiente | spa |
| 044 ## - CÓDIGO DEL PAÍS DE LA ENTIDAD EDITORA/PRODUCTORA | |
| Código MARC del país | sp |
| 084 ## - OTRO NÚMERO DE CLASIFICACIÓN | |
| Número de clasificación | BE228 |
| Número de documento/Ítem | .B66 1777 |
| 100 1# - ENTRADA PRINCIPAL--NOMBRE DE PERSONA | |
| Nombre de persona | Boneta, Josef |
| Fechas asociadas al nombre | 1638 - 1714 |
| 9 (RLIN) | 22035 |
| 245 10 - MENCIÓN DE TÍTULO | |
| Título | Gracias de la gracia, saladas agudezas de los santos |
| Resto del título | insinuación de algunas de sus virtudes, exemplos de la virtud de la eutropelia, dedicada a quien esta en gracia de Dios, Servite Domine in Laetitia, Psalm.99. |
| Mención de responsabilidad, etc. | su autor el Doctor Josef Boneta Racionero de la Santa Iglesia del Salvador de la Ciudad de Zaragosa. |
| 260 ## - PUBLICACIÓN, DISTRIBUCIÓN, ETC. | |
| Lugar de publicación, distribución, etc. | Madrid |
| Nombre del editor, distribuidor, etc. | En la Imprenta de Pedro Marin |
| Fecha de publicación, distribución, etc. | 1777 |
| 300 ## - DESCRIPCIÓN FÍSICA | |
| Extensión | [26], [3], 397 p. |
| Dimensiones | 15.8 x 10.5 cm. |
| 500 ## - NOTA GENERAL | |
| Nota general | Con licencia |
| 500 ## - NOTA GENERAL | |
| Nota general | En portada: Corregido, y en mendado en esta quinta impresión |
| 500 ## - NOTA GENERAL | |
| Nota general | Estado físico: presenta encuadernación en pergamino con cintas rotas y presencia del pez de plata |
| 500 ## - NOTA GENERAL | |
| Nota general | Incluye una estampa de la virgen de Guadalupe, suelta. |
| 650 14 - PUNTO DE ACCESO ADICIONAL DE MATERIA--TÉRMINO DE MATERIA | |
| Término de materia o nombre geográfico como elemento de entrada | Santos |
| Subdivisión de forma | Bibliografías |
| 9 (RLIN) | 22036 |
| 902 ## - CATALOGADOR | |
| Iniciales | CFM |
| 942 ## - ELEMENTOS DE PUNTO DE ACCESO ADICIONAL (KOHA) | |
| Fuente del sistema de clasificación o colocación | Library of Congress Classification |
| Tipo de ítem Koha | Libros |
| Estado de retiro | Estado de pérdida | Estado dañado | No para préstamo | Localización permanente | Ubicación/localización actual | Fecha de adquisición | Total de préstamos | Signatura topográfica completa | Código de barras | Fecha visto por última vez | Precio válido a partir de | Tipo de ítem Koha |
|---|---|---|---|---|---|---|---|---|---|---|---|---|
| El ejemplar forma parte de la colección y puede ser consultado según las políticas vigentes. | Biblioteca del Museo Franz Mayer (Rogerio Casas-Alatriste) | Biblioteca del Museo Franz Mayer (Rogerio Casas-Alatriste) | 12/05/2017 | BE228 .B66 1777 | CFM00173 | 22/03/2019 | 22/03/2019 | Libros |